| Tag |
First Indicator |
Second Indicator |
Subfields |
| LEADER |
00000cam a22000005i 4500 |
| 001 |
in00000022085 |
| 005 |
20151007063844.0 |
| 008 |
781109s1915 nyu 00011 fre d |
| 010 |
|
|
|a 15019638
|
| 035 |
|
|
|a (OCoLC)04359490
|
| 035 |
|
|
|9 AAD8429AM
|
| 040 |
|
|
|a MNL
|c MNL
|d TXA
|d UtOrBLW
|
| 049 |
|
|
|a TXAM
|c [10138]
|
| 050 |
|
0 |
|a PQ2198.B5
|b L5 1915
|
| 092 |
|
|
|a 843
|b B73L
|
| 100 |
1 |
|
|a Bornier, Henri de,
|c vicomte,
|d 1825-1901.
|
| 245 |
1 |
3 |
|a La lizardierre /
|c par Henri De Bornier; ed. with introduction, notes, exercises and vocabulary by Robert B. Michell.
|
| 264 |
|
1 |
|a New York :
|b Henry Holt,
|c 1915.
|
| 300 |
|
|
|a 1 page ., [v]-xii, 253 pages ;
|c 17 cm.
|
| 336 |
|
|
|a text
|b txt
|2 rdacontent
|
| 337 |
|
|
|a unmediated
|b n
|2 rdamedia
|
| 338 |
|
|
|a volume
|b nc
|2 rdacarrier
|
| 700 |
1 |
|
|a Michell, Robert Bell.
|
| 999 |
|
|
|a MARS
|
| 999 |
f |
f |
|s b2bdaa5c-71d4-3442-8e56-5a2ae0669486
|i 522947b3-3775-3dbb-9235-d57cd3998a99
|t 0
|
| 952 |
f |
f |
|p ric
|a Texas A&M University
|b Rellis Campus
|c Joint Library Facility
|d Remote Storage
|t 0
|e PQ2198.B5 L5 1915
|h Library of Congress classification
|i unmediated -- volume
|m A14801367779
|
| 998 |
f |
f |
|a PQ2198.B5 L5 1915
|t 0
|l Remote Storage
|